LDR 00575naa#a2200169#i#450# 001 EN\\bibl\119747 005 20260701142336.3 011 ## _a2782-4926 100 ## _a20260630b2026####ek#y0engy0150####ca 102 ## _aRU 200 1# _aON THE GENESIS OF SERIAL FROM FREE ATONALITY _eJournal article 210 1# _aKrasnoyarsk _cKrasnoyarsk regional public organization Commonwealth of Enlighteners of Krasnoyarsk _d2026 215 ## _a7 с. 608 ## _aJournal article _2local 675 ## _aТеория музыки. 781 _z 700 #1 _aDevuckaya _gNatal'ya Vladimirovna 856 4# _aasiaetother-journal.ru _u